Online Catalogue and eLibrary

India's Sri Lanka Fiasco : (Record no. 3460)

MARC details
000 -LEADER
fixed length control field 00422nam a2200157Ia 4500
005 - DATE AND TIME OF LATEST TRANSACTION
control field 20250305074837.0
008 - FIXED-LENGTH DATA ELEMENTS--GENERAL INFORMATION
fixed length control field 240331s9999 xx 000 0 und d
020 ## - INTERNATIONAL STANDARD BOOK NUMBER
ISBN 817094063X
082 ## - DDC Classification
Item Number - Author Mark KAD
Class No. 954
100 ## - MAIN ENTRY--PERSONAL NAME
Personal name Kadian, R
245 #0 - TITLE STATEMENT
Title India's Sri Lanka Fiasco :
Remainder of title peace keepers at war
260 ## - PUBLICATION, DISTRIBUTION, ETC.
Place of publication, distribution, etc. New Delhi
Name of publisher, distributor, etc. Vision Books Pvt Ltd
Date of publication, distribution, etc. 1990
300 ## - PHYSICAL DESCRIPTION
Extent (e.g. Volumes, Pages etc.) 184 p .,
650 ## - SUBJECT ADDED ENTRY--TOPICAL TERM
Topical term or geographic name entry element Sri Lankan Government
942 ## - Koha item type (Biblio)
Koha item type Books in Stacks (Lending)
Holdings
Lost status Damaged status Collection code Home library Current library Shelving location Date acquired Full call number Accession Number Item type
    Lending WERC Library WERC Library Social Science Cupboard 03/31/2024 954.9 KAD 568 Books in Stacks (Lending)

© WERC Library